| 000 | 004070000a22001570004500 | ||
|---|---|---|---|
| 003 | LK-CoMWRAF | ||
| 008 | 230817t ||||| |||| 00| 0 eng d | ||
| 040 |
_aLK-CoMWRAF _dLK-CoMWRAF _eLK-CoMWRAF |
||
| 041 | _aeng | ||
| 082 |
_a140 _bBAL |
||
| 100 | _aBalasuriya, Tissa | ||
| 245 |
_aMary and Human Liberation _b |
||
| 260 |
_bCentre for Society & Religion _aSri Lanka _c1990 |
||
| 300 | _ap.192 | ||
| 942 | _cBK | ||
| 999 |
_c1249 _d1249 |
||